Biological wastewater treatment systems : (Record no. 330207)
[ view plain ]
| 000 -LEADER | |
|---|---|
| fixed length control field | 01020pam a2200265 a 4500 |
| 001 - CONTROL NUMBER | |
| control field | 1980388 |
| 003 - CONTROL NUMBER IDENTIFIER | |
| control field | NUST |
| 005 - DATE AND TIME OF LATEST TRANSACTION | |
| control field | 20170614095758.0 |
| 008 - FIXED-LENGTH DATA ELEMENTS--GENERAL INFORMATION | |
| fixed length control field | 890712s1990 enka b 001 0 eng |
| 010 ## - LIBRARY OF CONGRESS CONTROL NUMBER | |
| LC control number | 89016629 |
| 020 ## - INTERNATIONAL STANDARD BOOK NUMBER | |
| International Standard Book Number | 0471922587 : |
| Terms of availability | $40.00 (U.S.) |
| 020 ## - INTERNATIONAL STANDARD BOOK NUMBER | |
| International Standard Book Number | 0471924253 (pbk.) : |
| Terms of availability | $30.00 (U.S.) |
| 040 ## - CATALOGING SOURCE | |
| Original cataloging agency | DLC |
| Transcribing agency | DLC |
| Modifying agency | DLC |
| 050 00 - LIBRARY OF CONGRESS CALL NUMBER | |
| Classification number | TD755 |
| Item number | .H66 1990 |
| 082 00 - DEWEY DECIMAL CLASSIFICATION NUMBER | |
| Classification number | 628.35 HOR |
| Edition number | 20 |
| 100 1# - MAIN ENTRY--PERSONAL NAME | |
| Personal name | Horan, N. J. |
| 9 (RLIN) | 2605 |
| 245 10 - TITLE STATEMENT | |
| Title | Biological wastewater treatment systems : |
| Remainder of title | theory and operation / |
| Statement of responsibility, etc. | N.J. Horan. |
| 260 ## - PUBLICATION, DISTRIBUTION, ETC. | |
| Place of publication, distribution, etc. | Chichester ; |
| -- | New York : |
| Name of publisher, distributor, etc. | Wiley, |
| Date of publication, distribution, etc. | c1990. |
| 300 ## - PHYSICAL DESCRIPTION | |
| Extent | viii, 310 p. : |
| Other physical details | ill. ; |
| Dimensions | 25 cm. |
| 500 ## - GENERAL NOTE | |
| General note | P.B |
| 504 ## - BIBLIOGRAPHY, ETC. NOTE | |
| Bibliography, etc. note | Includes bibliographical references. |
| 650 #0 - SUBJECT ADDED ENTRY--TOPICAL TERM | |
| Topical term or geographic name entry element | Sewage |
| General subdivision | Purification |
| -- | Biological treatment. |
| 9 (RLIN) | 2606 |
| 856 4# - ELECTRONIC LOCATION AND ACCESS | |
| Materials specified | Table of Contents |
| Uniform Resource Identifier | <a href="http://www.loc.gov/catdir/toc/onix03/89016629.html">http://www.loc.gov/catdir/toc/onix03/89016629.html</a> |
| 856 42 - ELECTRONIC LOCATION AND ACCESS | |
| Materials specified | Publisher description |
| Uniform Resource Identifier | <a href="http://www.loc.gov/catdir/enhancements/fy0706/89016629-d.html">http://www.loc.gov/catdir/enhancements/fy0706/89016629-d.html</a> |
| 906 ## - LOCAL DATA ELEMENT F, LDF (RLIN) | |
| a | 7 |
| b | cbc |
| c | orignew |
| d | 1 |
| e | ocip |
| f | 19 |
| g | y-gencatlg |
| 942 ## - ADDED ENTRY ELEMENTS (KOHA) | |
| Source of classification or shelving scheme | |
| Koha item type | Book |
| Call number prefix | IESE |
| Withdrawn status | Lost status | Source of classification or shelving scheme | Damaged status | Not for loan | Collection code | Permanent Location | Current Location | Shelving location | Date acquired | Total Checkouts | Full call number | Barcode | Date last seen | Price effective from | Koha item type |
|---|---|---|---|---|---|---|---|---|---|---|---|---|---|---|---|
| Institute of Environmental Science and Engineering (IESE) | Institute of Environmental Science and Engineering (IESE) | General Stacks | 06/14/2017 | 628.35 HOR | IESE-563 | 06/14/2017 | 06/14/2017 | Book |
